000 00238nam a2200097Ia 4500
001 711347
005 20250826162806.0
008 250824s9999 xx 000 0 und d
245 0 _aKÜÇÜK PRENS
_cANTOİNE DE SAİNT
260 _bATLIKARINCA
999 _c711347
_d711347